Statistics for Top 10 Countries with the Most Time Zones

Click here to take the quiz!

General Stats

  • This quiz has been taken 113,626 times
  • The average score is 8 of 10

Answer Stats

#Country% Correct
11Russia
99%
11United States
99%
6Canada
93%
9Australia
89%
4Brazil
89%
9United Kingdom
81%
12France
79%
4Mexico
72%
5Denmark
43%
5New Zealand
35%

Score Distribution

Percentile by Number Answered

Percent of People with Each Score

Your Score History

You have not taken this quiz